[Event "2. CLANSKA LIGA ZAHOD 2014"]
[Site "Ljubljana"]
[Date "2014.10.19"]
[Round "4.6"]
[White "Pretnar, Bostjan"]
[Black "Debevec, Katarina"]
[Result "0-1"]
[WhiteElo "1727"]
[BlackElo "1500"]
[PlyCount "120"]
[EventDate "2014.10.19"]
[WhiteTeam "SD RADOVLJICA"]
[BlackTeam "SD PIRAN"]

1. d4 Nf6 2. Nf3 e6 3. e3 Nc6 4. a3 d5 5. Bd3 Be7 6. Nbd2 O-O 7. O-O b6 8. b3
Bb7 9. Bb2 h6 10. Ne5 Nxe5 11. dxe5 Ne4 12. f4 f5 13. Nf3 c5 14. c4 Qe8 15.
Bxe4 dxe4 16. Nd2 Rd8 17. Qe2 Qg6 18. Rfd1 Rd3 19. Nf1 Rfd8 20. Rd2 Qg4 21.
Qxg4 fxg4 22. Rad1 Bh4 23. g3 Be7 24. Kf2 Ba6 25. Rxd3 exd3 26. Rd2 b5 27. cxb5
Bxb5 28. Rd1 a5 29. a4 Ba6 30. Bc3 c4 31. bxc4 Bxc4 32. Nd2 Ba6 33. Bxa5 Rc8
34. Rb1 Rc6 35. Rb6 Rxb6 36. Bxb6 Bb4 37. Ke1 Kf7 38. Kd1 Ke8 39. Ne4 Kd7 40.
Bc5 Ba5 41. Bf8 Kc6 42. Bxg7 Kd5 43. Nf6+ Kc4 44. f5 Bb7 45. e4 Bc6 46. Bxh6
Bxa4+ 47. Kc1 Bb4 48. Bd2 Ba3+ 49. Kb1 Bc2+ 50. Ka2 Bc5 51. Nd7 Bb3+ 52. Kb2
Bd4+ 53. Kc1 Bc2 54. Ba5 Be3+ 55. Kb2 Bd4+ 56. Kc1 Bc3 57. Nb6+ Kd4 58. f6 Bxa5
59. f7 Bb4 60. Nd7 Kc3 0-1

[Event "2. CLANSKA LIGA ZAHOD 2014"]
[Site "Ljubljana"]
[Date "2014.10.19"]
[Round "4.1"]
[White "Jukan, Nesib"]
[Black "Plenca, Julijan"]
[Result "0-1"]
[WhiteElo "2015"]
[BlackElo "2369"]
[PlyCount "76"]
[EventDate "2014.10.19"]
[WhiteTeam "SK TRZIN"]
[BlackTeam "SD STARI TRG OB KOLPI"]

1. Nf3 Nc6 2. d4 d5 3. Bg5 Bf5 4. a3 Qd7 5. e3 f6 6. Bf4 g5 7. Bg3 h5 8. h4 g4
9. Nfd2 O-O-O 10. c4 e6 11. Nc3 Bd6 12. cxd5 exd5 13. Bxd6 Qxd6 14. Ne2 Nh6 15.
g3 Rhe8 16. Qb3 Na5 17. Qb4 Qxb4 18. axb4 Nc6 19. Nb3 Nxb4 20. Kd2 Nd3 21. Bg2
Kb8 22. Ra5 c6 23. Nc5 Nxb2 24. Kc3 Nc4 25. Ra2 Nf7 26. Nf4 Nfd6 27. Nxh5 Nb5+
28. Kb4 a5+ 29. Kb3 Nxe3 30. fxe3 Rxe3+ 31. Kb2 b6 32. Na4 Rde8 33. Ka1 Nxd4
34. Rf1 Bd3 35. Rff2 Nb5 36. Rab2 Bg6 37. Nxf6 Ra3+ 38. Ra2 Re1+ 0-1

[Event "2. CLANSKA LIGA ZAHOD 2014"]
[Site "Ljubljana"]
[Date "2014.10.19"]
[Round "4.2"]
[White "Juranic, Bruno"]
[Black "Rojs, Igor"]
[Result "1/2-1/2"]
[WhiteElo "2170"]
[BlackElo "1972"]
[PlyCount "24"]
[EventDate "2014.10.19"]
[WhiteTeam "SD STARI TRG OB KOLPI"]
[BlackTeam "SK TRZIN"]

1. e4 e5 2. Nf3 Nf6 3. d4 Nxe4 4. Bd3 d5 5. dxe5 Nc5 6. O-O Be7 7. Nc3 Nxd3 8.
Qxd3 c6 9. Nd4 Na6 10. Qg3 g6 11. e6 Bxe6 12. Nxe6 fxe6 1/2-1/2

[Event "2. CLANSKA LIGA ZAHOD 2014"]
[Site "Ljubljana"]
[Date "2014.10.19"]
[Round "4.3"]
[White "Rijavec, Stane"]
[Black "Baric, Dusan"]
[Result "0-1"]
[WhiteElo "1964"]
[BlackElo "2058"]
[PlyCount "60"]
[EventDate "2014.10.19"]
[WhiteTeam "SK TRZIN"]
[BlackTeam "SD STARI TRG OB KOLPI"]

1. Nf3 c5 2. c4 Nf6 3. Nc3 g6 4. g3 Bg7 5. Bg2 Nc6 6. O-O O-O 7. d3 d5 8. cxd5
Nxd5 9. Nxd5 Qxd5 10. a3 Rd8 11. Rb1 c4 12. Nd2 Qc5 13. Nxc4 Be6 14. b4 Qf5 15.
Ne3 Qh5 16. Bf3 Qb5 17. Bb2 Nd4 18. Bxd4 Bxd4 19. Qd2 Rac8 20. Rfc1 b6 21. Bb7
Rxc1+ 22. Rxc1 Qa4 23. Nc2 Bb2 24. Rb1 Bf6 25. b5 Bb3 26. Na1 Bd5 27. Bxd5 Rxd5
28. Rb4 Qxa3 29. Nc2 Qa2 30. Rc4 Qxc4 0-1

[Event "2. CLANSKA LIGA ZAHOD 2014"]
[Site "Ljubljana"]
[Date "2014.10.19"]
[Round "4.4"]
[White "Kobe, Uros"]
[Black "Troha, Bogomir"]
[Result "1-0"]
[WhiteElo "2119"]
[BlackElo "1912"]
[PlyCount "105"]
[EventDate "2014.10.19"]
[WhiteTeam "SD STARI TRG OB KOLPI"]
[BlackTeam "SK TRZIN"]

1. e4 c5 2. Nc3 d6 3. g3 Nc6 4. Bg2 Nf6 5. d3 g6 6. h3 Bg7 7. Be3 O-O 8. Qd2
Nd4 9. Nd1 e5 10. c3 Ne6 11. f4 exf4 12. gxf4 Bh6 13. Ne2 Kh8 14. f5 Bxe3 15.
Nxe3 Ng7 16. Rf1 Ng8 17. O-O-O Bd7 18. Rf2 Qg5 19. Rdf1 gxf5 20. exf5 f6 21.
Bxb7 Rae8 22. Be4 Re7 23. Rg2 Qh6 24. Rfg1 Rfe8 25. Nd5 Qxd2+ 26. Kxd2 Rf7 27.
Ng3 Nh6 28. Rf1 Bc8 29. Re2 Re5 30. d4 cxd4 31. cxd4 Re8 32. Bd3 Rxe2+ 33. Kxe2
Bb7 34. Nc3 Bg2 35. Rf4 Re7+ 36. Kd2 Nf7 37. h4 Bb7 38. b4 d5 39. a4 Nd6 40.
Nb5 Nxb5 41. Bxb5 a6 42. Bd3 Bc8 43. Rf1 h6 44. Rc1 Bb7 45. a5 Kg8 46. b5 axb5
47. Bxb5 Kf7 48. a6 Ba8 49. Rc8 Ra7 50. Rh8 h5 51. Kd3 Ke7 52. Rh7 Kf8 53. Nxh5
1-0

[Event "2. CLANSKA LIGA ZAHOD 2014"]
[Site "Ljubljana"]
[Date "2014.10.19"]
[Round "4.5"]
[White "Bajec, Borut"]
[Black "Bedic, Slavko"]
[Result "0-1"]
[WhiteElo "1804"]
[BlackElo "1943"]
[PlyCount "88"]
[EventDate "2014.10.19"]
[WhiteTeam "SK TRZIN"]
[BlackTeam "SD STARI TRG OB KOLPI"]

1. d4 Nf6 2. c4 d5 3. Nc3 e6 4. e3 dxc4 5. Bxc4 c5 6. d5 exd5 7. Nxd5 Nc6 8.
Ne2 Be6 9. Nef4 Nxd5 10. Bxd5 Bxd5 11. Qxd5 Qxd5 12. Nxd5 O-O-O 13. Nc3 g6 14.
Ke2 Bg7 15. Rd1 Bxc3 16. Rxd8+ Rxd8 17. bxc3 Ne5 18. Ba3 b6 19. Rd1 Rxd1 20.
Kxd1 Kd7 21. Ke2 f5 22. Bc1 Kd6 23. f4 Nc4 24. Kd3 Kd5 25. g4 b5 26. h3 Nd6 27.
Bd2 Ne4 28. Be1 a5 29. a3 Nd6 30. Bd2 a4 31. g5 c4+ 32. Ke2 Ke4 33. Bc1 Nb7 34.
Bb2 Nd8 35. Bc1 Nf7 36. h4 Nd6 37. Bb2 Nb7 38. Bc1 Nc5 39. Bd2 Nb3 40. Be1 Nc1+
41. Kd2 Nd3 42. Bg3 Kf3 43. Bh2 Nc5 44. Bg1 Ne4+ 0-1

[Event "2. CLANSKA LIGA ZAHOD 2014"]
[Site "Ljubljana"]
[Date "2014.10.19"]
[Round "4.6"]
[White "Danculovic, Jovica"]
[Black "Mlakar, Slavko"]
[Result "1-0"]
[WhiteElo "1966"]
[BlackElo "1708"]
[PlyCount "91"]
[EventDate "2014.10.19"]
[WhiteTeam "SD STARI TRG OB KOLPI"]
[BlackTeam "SK TRZIN"]

1. e4 c5 2. c3 e6 3. d4 cxd4 4. cxd4 d6 5. Nc3 a6 6. f4 Nc6 7. Nf3 Be7 8. Be3
d5 9. e5 Nh6 10. Bd3 Nb4 11. Bb1 O-O 12. a3 Nc6 13. O-O f5 14. exf6 Bxf6 15.
Ne5 Bxe5 16. fxe5 Nf5 17. Bxf5 exf5 18. Qb3 Ne7 19. Bg5 Re8 20. Bxe7 Qxe7 21.
Qxd5+ Be6 22. Qf3 Bc4 23. Rfe1 g6 24. Nd5 Bxd5 25. Qxd5+ Kg7 26. Rad1 Rad8 27.
Qb3 Qc7 28. Qc3 Qb6 29. Kf1 Rd5 30. Re2 Qb5 31. Qd3 Qd7 32. Kf2 Qc6 33. Qc3 Qb6
34. Kf3 Qe6 35. Rc1 Red8 36. Rd2 h5 37. b4 Qe7 38. g3 Qg5 39. Kg2 Rxe5 40. h4
Qe3 41. Qxe3 Rxe3 42. Rc7+ Kf6 43. Rxb7 Rd6 44. a4 Ke6 45. d5+ Ke5 46. Re7+ 1-0

[Event "2. CLANSKA LIGA ZAHOD 2014"]
[Site "Ljubljana"]
[Date "2014.10.19"]
[Round "4.1"]
[White "Brezovar, Matjaz"]
[Black "Kodric, Vladimir"]
[Result "1-0"]
[WhiteElo "2250"]
[BlackElo "1949"]
[PlyCount "53"]
[EventDate "2014.10.19"]
[WhiteTeam "SK DOLENJSKE TOPLICE"]
[BlackTeam "SK LOSKA DOLINA"]

1. c4 g6 2. g3 c6 3. Bg2 d6 4. Nc3 Bg7 5. e4 Nf6 6. Nge2 e5 7. d3 O-O 8. O-O
Nbd7 9. h3 Nc5 10. Be3 Ne6 11. f4 h6 12. Qd2 Kh7 13. d4 exf4 14. gxf4 Nh5 15.
f5 Nc7 16. Bf3 Nf6 17. Ng3 gxf5 18. exf5 d5 19. b3 Rg8 20. Kh2 Bf8 21. Rg1 b6
22. Bf4 Bb7 23. Nh5 Nce8 24. Rxg8 Nxg8 25. Rg1 Nef6 26. Qg2 dxc4 27. Be5 1-0

[Event "2. CLANSKA LIGA ZAHOD 2014"]
[Site "Ljubljana"]
[Date "2014.10.19"]
[Round "4.2"]
[White "Drobnic, Milan"]
[Black "Luzar, Emil"]
[Result "0-1"]
[WhiteElo "1856"]
[BlackElo "2169"]
[PlyCount "110"]
[EventDate "2014.10.19"]
[WhiteTeam "SK LOSKA DOLINA"]
[BlackTeam "SK DOLENJSKE TOPLICE"]

1. c4 Nf6 2. g3 g6 3. Bg2 Bg7 4. Nc3 O-O 5. Nf3 d6 6. O-O c6 7. Rb1 e5 8. d3
Nbd7 9. b4 Re8 10. Nd2 Nf8 11. a4 Bd7 12. b5 Rb8 13. Ba3 c5 14. Nde4 Bf5 15.
Bc1 h6 16. b6 a6 17. a5 Nxe4 18. Nxe4 Be6 19. Nc3 Qc8 20. Nd5 Bh3 21. Qa4 Bxg2
22. Kxg2 Ne6 23. e4 Kh7 24. f3 f5 25. Be3 Rf8 26. Rf2 f4 27. Bd2 h5 28. Rg1 Ng5
29. Kf1 Nh3 30. gxf4 exf4 31. Rxg6 Nxf2 32. Kxf2 Qh3 33. Rxd6 Qxh2+ 34. Ke1
Qh1+ 35. Ke2 Qg2+ 36. Kd1 Qxf3+ 37. Kc2 Rbd8 38. Rd7 Rxd7 39. Qxd7 Qg4 40. Qxg4
hxg4 41. Bxf4 Bh6 42. Bd6 Rf2+ 43. Kb3 Rf3 44. Bxc5 g3 45. Nc3 Rxd3 46. Kc2
Rd2+ 47. Kb3 Bg7 48. e5 Bxe5 49. Ne4 Rb2+ 50. Ka3 Re2 51. Ng5+ Kg8 52. Nf3 Bd6
53. Bxd6 Re3+ 54. Kb4 Rxf3 55. Kc5 Rf5+ 0-1

[Event "2. CLANSKA LIGA ZAHOD 2014"]
[Site "Ljubljana"]
[Date "2014.10.19"]
[Round "4.3"]
[White "Pucelj, Joze"]
[Black "Stanic, Vitko"]
[Result "1-0"]
[WhiteElo "2099"]
[BlackElo "1794"]
[PlyCount "72"]
[EventDate "2014.10.19"]
[WhiteTeam "SK DOLENJSKE TOPLICE"]
[BlackTeam "SK LOSKA DOLINA"]

1. e4 d6 2. d4 Nf6 3. Nc3 g6 4. Be2 Bg7 5. h4 h5 6. f3 c6 7. Be3 Qc7 8. Qd2 Bd7
9. Nh3 b5 10. a3 a5 11. Nf4 Qb7 12. e5 Nh7 13. e6 Bxe6 14. Nxe6 fxe6 15. Bd3
Nf8 16. Ne2 e5 17. dxe5 dxe5 18. Be4 Qd7 19. Qc3 Ra6 20. O-O Bf6 21. Rad1 Qe6
22. Qd3 Kf7 23. a4 Qc4 24. axb5 Qxd3 25. Bxd3 Ra8 26. Be4 Ne6 27. b6 a4 28. Nc3
Ra5 29. Ra1 Nd4 30. Rxa4 Rxa4 31. Nxa4 Nb5 32. f4 Kg7 33. c4 Nd6 34. Bd3 e4 35.
Be2 Nf5 36. Bd2 Rd8 1-0

[Event "2. CLANSKA LIGA ZAHOD 2014"]
[Site "Ljubljana"]
[Date "2014.10.19"]
[Round "4.4"]
[White "Baraga, Bojan"]
[Black "Muhic, Jure"]
[Result "0-1"]
[WhiteElo "1800"]
[BlackElo "1779"]
[PlyCount "90"]
[EventDate "2014.10.19"]
[WhiteTeam "SK LOSKA DOLINA"]
[BlackTeam "SK DOLENJSKE TOPLICE"]

1. d4 Nf6 2. e3 g6 3. Nf3 Bg7 4. Be2 b6 5. O-O Bb7 6. Nbd2 O-O 7. b3 c5 8. c3
Nd5 9. Bb2 Nc6 10. Rc1 d6 11. a3 Nc7 12. Qc2 e5 13. h3 Qe7 14. Rfd1 exd4 15.
cxd4 Rac8 16. dxc5 dxc5 17. Bxg7 Kxg7 18. Nc4 Rcd8 19. Qc3+ Qf6 20. Nd6 Ba8 21.
Rd2 Qxc3 22. Rxc3 Ne7 23. e4 Ncd5 24. exd5 Rxd6 25. Bc4 f6 26. Rcd3 Rfd8 27.
Re2 Nxd5 28. Nd2 Nf4 29. Re7+ Kh6 30. Rxd6 Rxd6 31. Nf1 Bxg2 32. Ng3 Bxh3 33.
Bg8 f5 34. Rxh7+ Kg5 35. Rxa7 Bg4 36. Bc4 Rd1+ 37. Kh2 Rd2 38. Nh1 Bf3 39. Rh7
Nh5 40. Rc7 f4 41. Re7 Rd1 42. Re5+ Kh6 43. Rxh5+ gxh5 44. Ng3 fxg3+ 45. Kxg3
Bd5 0-1

[Event "2. CLANSKA LIGA ZAHOD 2014"]
[Site "Ljubljana"]
[Date "2014.10.19"]
[Round "4.5"]
[White "Janko, Roman"]
[Black "Loknar, Kresimir"]
[Result "1-0"]
[WhiteElo "1835"]
[BlackElo "1709"]
[PlyCount "85"]
[EventDate "2014.10.19"]
[WhiteTeam "SK DOLENJSKE TOPLICE"]
[BlackTeam "SK LOSKA DOLINA"]

1. e4 e5 2. Bc4 Nf6 3. d3 h6 4. f4 d6 5. Nf3 Nc6 6. c3 Be7 7. O-O O-O 8. Qe2
Bg4 9. b4 a6 10. Na3 Nh5 11. f5 Bg5 12. Nc2 Nf4 13. Qf2 Bxf3 14. Qxf3 b5 15.
Bb3 Ne7 16. h3 d5 17. Bxf4 dxe4 18. dxe4 Bxf4 19. Rad1 Qc8 20. h4 c5 21. bxc5
Qxc5+ 22. Kh1 h5 23. g3 Bh6 24. f6 g6 25. fxe7 Qxe7 26. Qf6 Qxf6 27. Rxf6 Kg7
28. Rdf1 Ra7 29. Nb4 g5 30. hxg5 Bxg5 31. Rxa6 Rxa6 32. Nxa6 f6 33. Nc7 Rc8 34.
Nxb5 Bd2 35. c4 Rd8 36. Rd1 f5 37. Nc7 Kg6 38. Nd5 Bg5 39. exf5+ Kxf5 40. Kg2
Re8 41. Bc2+ Kg4 42. Rf1 e4 43. Bd1# 1-0

[Event "2. CLANSKA LIGA ZAHOD 2014"]
[Site "Ljubljana"]
[Date "2014.10.19"]
[Round "4.6"]
[White "Bavec, Vinko"]
[Black "Gorse, Damjan"]
[Result "1/2-1/2"]
[WhiteElo "1644"]
[BlackElo "1777"]
[PlyCount "70"]
[EventDate "2014.10.19"]
[WhiteTeam "SK LOSKA DOLINA"]
[BlackTeam "SK DOLENJSKE TOPLICE"]

1. d4 Nf6 2. c4 g6 3. Nf3 Bg7 4. Nc3 d6 5. e3 O-O 6. Be2 Bg4 7. h3 Bxf3 8. Bxf3
c6 9. O-O Nbd7 10. Qc2 Qc7 11. b3 Rab8 12. Bb2 b5 13. Ne4 Rfc8 14. Nxf6+ Bxf6
15. cxb5 Rxb5 16. Rac1 c5 17. Be2 Rbb8 18. dxc5 Bxb2 19. Qxb2 Nxc5 20. Qd4 Qa5
21. Ra1 Ne6 22. Qd1 Rc7 23. Bc4 Rd8 24. Bxe6 fxe6 25. Qg4 Kf7 26. Qd1 Rdc8 27.
a4 Rc3 28. Rb1 Rc2 29. Qf3+ Kg7 30. Qe4 e5 31. Qg4 R8c3 32. Qd7 Rc7 33. Qe6 Kf8
34. Rfd1 Qc3 35. Qd5 Qb4 1/2-1/2

[Event "2. CLANSKA LIGA ZAHOD 2014"]
[Site "Ljubljana"]
[Date "2014.10.19"]
[Round "4.1"]
[White "Markoja, Sebastijan"]
[Black "Solmajer, Luka"]
[Result "1/2-1/2"]
[WhiteElo "2205"]
[BlackElo "2080"]
[PlyCount "49"]
[EventDate "2014.10.19"]
[WhiteTeam "SK KOMENDA"]
[BlackTeam "SD KC LJUBLJANA"]

1. e4 c5 2. Nf3 Nc6 3. d4 cxd4 4. Nxd4 g6 5. Nc3 Bg7 6. Be3 Nf6 7. Bc4 O-O 8.
Bb3 Ng4 9. Qxg4 Nxd4 10. Qg3 Qa5 11. Bd2 Nxb3 12. cxb3 d6 13. h4 h5 14. Nd5 Qd8
15. Bc3 Bg4 16. O-O Rc8 17. Rac1 e6 18. Ne3 f5 19. exf5 gxf5 20. Nxg4 hxg4 21.
Bxg7 Rxc1 22. Rxc1 Kxg7 23. Qe3 e5 24. Qxa7 Rf7 25. Rd1 1/2-1/2

[Event "2. CLANSKA LIGA ZAHOD 2014"]
[Site "Ljubljana"]
[Date "2014.10.19"]
[Round "4.2"]
[White "Persl, Bojan"]
[Black "Lucovnik, Tilen"]
[Result "1-0"]
[WhiteElo "2083"]
[BlackElo "1992"]
[PlyCount "65"]
[EventDate "2014.10.19"]
[WhiteTeam "SD KC LJUBLJANA"]
[BlackTeam "SK KOMENDA"]

1. e4 d6 2. d4 Nf6 3. Nc3 e5 4. Nf3 Nbd7 5. Bc4 Be7 6. O-O O-O 7. h3 c6 8. a4
a5 9. Qe2 exd4 10. Nxd4 Nc5 11. Re1 Re8 12. f3 h6 13. Be3 Bf8 14. Rad1 Qc7 15.
Qf2 Be6 16. Nxe6 Nxe6 17. Kh1 Nd7 18. Rd2 Ndc5 19. Red1 Qd8 20. f4 Qf6 21. Rxd6
Bxd6 22. Rxd6 Nxe4 23. Nxe4 Qxb2 24. Bd3 Rad8 25. Rxd8 Rxd8 26. f5 Nf8 27. f6
Ng6 28. fxg7 Kxg7 29. Bd2 Rxd3 30. cxd3 Qb1+ 31. Kh2 Qxd3 32. Qf6+ Kg8 33. Bxh6
1-0

[Event "2. CLANSKA LIGA ZAHOD 2014"]
[Site "Ljubljana"]
[Date "2014.10.19"]
[Round "4.3"]
[White "Leonardi, Caterina"]
[Black "Kodela, Marko"]
[Result "1/2-1/2"]
[WhiteElo "1984"]
[BlackElo "1976"]
[PlyCount "64"]
[EventDate "2014.10.19"]
[WhiteTeam "SK KOMENDA"]
[BlackTeam "SD KC LJUBLJANA"]

1. d4 Nf6 2. c4 c5 3. d5 b5 4. cxb5 a6 5. Nc3 axb5 6. Nxb5 Ba6 7. Nc3 g6 8. g3
d6 9. Bg2 Bg7 10. Nf3 O-O 11. O-O Nbd7 12. Re1 Qa5 13. Bd2 Qb6 14. b3 Rfb8 15.
e4 Ng4 16. Na4 Qa7 17. Bc3 Nge5 18. Nxe5 Nxe5 19. Bxe5 Bxe5 20. Rc1 Bb5 21. Bf1
Bxa4 22. bxa4 Qxa4 23. Qxa4 Rxa4 24. Rc2 Rbb4 25. f4 Bd4+ 26. Kg2 c4 27. e5 c3
28. Bd3 Rb2 29. Rxb2 cxb2 30. Bb1 Ra5 31. exd6 exd6 32. Rd1 Bc3 1/2-1/2

[Event "2. CLANSKA LIGA ZAHOD 2014"]
[Site "Ljubljana"]
[Date "2014.10.19"]
[Round "4.4"]
[White "Sivcevic, Nusret"]
[Black "Kobold, Andrej"]
[Result "0-1"]
[WhiteElo "1843"]
[BlackElo "1923"]
[PlyCount "68"]
[EventDate "2014.10.19"]
[WhiteTeam "SD KC LJUBLJANA"]
[BlackTeam "SK KOMENDA"]

1. f4 d5 2. Nf3 c5 3. e3 Nc6 4. Bb5 Bd7 5. b3 e6 6. Bb2 f6 7. O-O Bd6 8. Nh4
Qe7 9. Qf3 a6 10. Bd3 O-O-O 11. Nc3 f5 12. g3 Nf6 13. Qe2 Nb4 14. Nf3 Ng4 15.
a3 Nxd3 16. cxd3 h6 17. h3 Nf6 18. e4 fxe4 19. dxe4 dxe4 20. Nxe4 Nxe4 21. Qxe4
Bc6 22. Qe3 Rhf8 23. Ne5 Bxe5 24. Bxe5 Qd7 25. Rf2 Qd5 26. Kh2 g5 27. Rc1 gxf4
28. Bxf4 e5 29. Bxh6 Rxf2+ 30. Qxf2 Qxb3 31. Qf5+ Kb8 32. Qxe5+ Ka8 33. Be3
Rxd2+ 34. Kg1 Rg2+ 0-1

[Event "2. CLANSKA LIGA ZAHOD 2014"]
[Site "Ljubljana"]
[Date "2014.10.19"]
[Round "4.5"]
[White "Bernik, Alja"]
[Black "Pajnhart, Tadej"]
[Result "1/2-1/2"]
[WhiteElo "1774"]
[BlackElo "1734"]
[PlyCount "68"]
[EventDate "2014.10.19"]
[WhiteTeam "SK KOMENDA"]
[BlackTeam "SD KC LJUBLJANA"]

1. e4 d5 2. exd5 Qxd5 3. Nc3 Qd8 4. Nf3 Nf6 5. d3 e6 6. Bf4 Bd6 7. Qd2 c6 8.
Ne4 Nxe4 9. dxe4 Bxf4 10. Qxf4 O-O 11. Bc4 b5 12. Bb3 c5 13. c4 a6 14. O-O Nc6
15. Rfd1 Qb6 16. e5 Bb7 17. Qh4 Rad8 18. Bc2 h6 19. Qe4 g6 20. Qf4 Kh7 21. Rxd8
Qxd8 22. Rd1 Qc7 23. Qe3 Nb4 24. Bb3 bxc4 25. Bxc4 Nd5 26. Qb3 Rd8 27. h3 Nb6
28. Re1 Bxf3 29. gxf3 Nxc4 30. Qxc4 Qc6 31. Qf4 Rd7 32. Qe3 Qb5 33. b3 c4 34.
bxc4 Qxc4 1/2-1/2

[Event "2. CLANSKA LIGA ZAHOD 2014"]
[Site "Ljubljana"]
[Date "2014.10.19"]
[Round "4.6"]
[White "Hribar, Andrej"]
[Black "Markosek, Maj"]
[Result "1/2-1/2"]
[WhiteElo "1690"]
[BlackElo "1728"]
[PlyCount "73"]
[EventDate "2014.10.19"]
[WhiteTeam "SD KC LJUBLJANA"]
[BlackTeam "SK KOMENDA"]

1. d4 Nf6 2. c4 e6 3. Nc3 Bb4 4. a3 Bxc3+ 5. bxc3 b6 6. f3 h6 7. e4 d6 8. Bd3
Nbd7 9. Ne2 c5 10. O-O e5 11. d5 O-O 12. Ng3 Re8 13. f4 exf4 14. Bxf4 Ne5 15.
Bxe5 Rxe5 16. h3 Bd7 17. Qf3 Qe7 18. Rf2 Nh7 19. Kh2 Ng5 20. Qf4 Re8 21. Raf1
f6 22. Re2 Bc8 23. Ra1 Nf7 24. Rf1 Qd8 25. Rff2 {(=)} R5e7 26. Re3 Ne5 27. Nh5
Nxd3 28. Rxd3 Re5 29. Ng3 Qe7 30. Rdf3 Qf7 31. Re3 Qg6 32. Rfe2 Qg5 33. Qxg5
hxg5 34. Nf1 f5 35. exf5 Bxf5 36. Rxe5 dxe5 37. Ne3 1/2-1/2

[Event "2. CLANSKA LIGA ZAHOD 2014"]
[Site "Ljubljana"]
[Date "2014.10.19"]
[Round "5.1"]
[White "Solmajer, Luka"]
[Black "Krumpak, Hinko"]
[Result "1/2-1/2"]
[WhiteElo "2080"]
[BlackElo "2140"]
[PlyCount "106"]
[EventDate "2014.10.19"]
[WhiteTeam "SD KC LJUBLJANA"]
[BlackTeam "SK VISNJA GORA - STICNA"]

1. d4 d5 2. c4 dxc4 3. e4 c5 4. d5 Nf6 5. Nc3 b5 6. e5 b4 7. exf6 bxc3 8. bxc3
Nd7 9. Bxc4 Qa5 10. Ne2 Nxf6 11. O-O g6 12. Rb1 Bd7 13. Re1 Bg7 14. Ng3 Qxc3
15. Qe2 O-O 16. Bd2 Qd4 17. Be3 Qh4 18. f3 Rfb8 19. Bb3 Bb5 20. Qf2 c4 21. Bc2
Nxd5 22. Be4 e6 23. Bxa7 Rb7 24. Bc5 f5 25. Bxd5 exd5 26. Kh1 d4 27. a4 Rxa4
28. Rxb5 Rxb5 29. Qe2 Qd8 30. Qe6+ Kh8 31. Qc6 Rb8 32. Qxa4 c3 33. Rd1 d3 34.
Be3 c2 35. Rg1 Bb2 36. Qf4 Rc8 37. h4 h5 38. Qh6+ Kg8 39. Qxg6+ Bg7 40. Nxf5
Qf6 41. Qxg7+ Qxg7 42. Nxg7 Kxg7 43. Bc1 Re8 44. Kh2 Re2 45. Kh3 d2 46. Bxd2
Rxd2 47. Rc1 Kf6 48. g4 hxg4+ 49. fxg4 Ke5 50. g5 Kf4 51. Rf1+ Ke3 52. Rc1 Kf4
53. g6 Rd3+ 1/2-1/2

[Event "2. CLANSKA LIGA ZAHOD 2014"]
[Site "Ljubljana"]
[Date "2014.10.19"]
[Round "5.2"]
[White "Sotirov, Pavle"]
[Black "Sadikov, Aleksander"]
[Result "1/2-1/2"]
[WhiteElo "1867"]
[BlackElo "1981"]
[PlyCount "48"]
[EventDate "2014.10.19"]
[WhiteTeam "SK VISNJA GORA - STICNA"]
[BlackTeam "SD KC LJUBLJANA"]

1. d4 Nf6 2. g3 g6 3. Bg2 Bg7 4. e4 d6 5. Ne2 O-O 6. O-O c6 7. c3 e5 8. dxe5
dxe5 9. Na3 Be6 10. Bg5 Qb6 11. Qc2 Nbd7 12. b3 Ng4 13. h3 h6 14. Bd2 Ngf6 15.
Rad1 Rad8 16. Nb1 Qc7 17. Be3 Rfe8 18. Rd2 Bf8 19. Rfd1 Nc5 20. f3 b6 21. Kh2
Kh7 22. Bf1 Nb7 23. Nc1 Rxd2+ 24. Rxd2 Rd8 1/2-1/2

[Event "2. CLANSKA LIGA ZAHOD 2014"]
[Site "Ljubljana"]
[Date "2014.10.19"]
[Round "5.3"]
[White "Gorsic, Jure"]
[Black "Perovsek, Milan"]
[Result "0-1"]
[WhiteElo "1825"]
[BlackElo "1812"]
[PlyCount "128"]
[EventDate "2014.10.19"]
[WhiteTeam "SD KC LJUBLJANA"]
[BlackTeam "SK VISNJA GORA - STICNA"]

1. c4 d5 2. cxd5 Qxd5 3. Nc3 Qa5 4. g3 Nf6 5. Bg2 c6 6. Nf3 Bf5 7. d3 Nbd7 8.
a3 e5 9. O-O Bd6 10. Bd2 Qd8 11. Ne1 Qe7 12. Qc2 O-O 13. f4 exf4 14. Bxf4 Bc5+
15. Kh1 Ng4 16. Nd1 Bg6 17. h3 Ngf6 18. Bg5 Qe5 19. Bf4 Qe6 20. e4 Nh5 21. b4
Bb6 22. Nc3 Nxf4 23. gxf4 Qf6 24. Ra2 Bh5 25. e5 Qh4 26. Ne4 Be3 27. Nf3 Bxf3
28. Rxf3 Bxf4 29. d4 Nb6 30. Nd6 Rab8 31. Qe4 Nd5 32. Nf5 Qd8 33. Rxf4 Nc3 34.
Qc2 Nxa2 35. Qxa2 Kh8 36. Qf2 f6 37. Qg3 Qc7 38. e6 Rfe8 39. Re4 Qxg3 40. Nxg3
Rbd8 41. Bf3 Rd6 42. e7 g6 43. Kg2 Rd7 44. Re6 f5 45. Ne2 Rdxe7 46. Rxe7 Rxe7
47. Kf2 Kg7 48. h4 h6 49. Nc3 a6 50. a4 g5 51. hxg5 hxg5 52. b5 cxb5 53. axb5
a5 54. Na4 g4 55. Bg2 f4 56. Nc5 f3 57. Bf1 b6 58. Na4 Re6 59. Bc4 Rd6 60. d5
Kf6 61. Kg3 Kf5 62. Bd3+ Ke5 63. Kxg4 Rxd5 64. Bc4 Rd4+ 0-1

[Event "2. CLANSKA LIGA ZAHOD 2014"]
[Site "Ljubljana"]
[Date "2014.10.19"]
[Round "5.4"]
[White "Lesjak, Damjan"]
[Black "Sivcevic, Nusret"]
[Result "0-1"]
[WhiteElo "1815"]
[BlackElo "1843"]
[PlyCount "72"]
[EventDate "2014.10.19"]
[WhiteTeam "SK VISNJA GORA - STICNA"]
[BlackTeam "SD KC LJUBLJANA"]

1. d4 e6 2. c4 f5 3. a3 Nf6 4. Nc3 b6 5. Nf3 Bb7 6. h3 Be7 7. Bf4 O-O 8. e3 Ne4
9. Nb5 d6 10. Qc2 a6 11. Nc3 Nd7 12. Be2 Bh4 13. O-O g5 14. Bh2 Nxc3 15. bxc3
g4 16. Nxh4 Qxh4 17. Bg3 Qg5 18. hxg4 fxg4 19. Bf4 Qg7 20. Rad1 Rf7 21. d5 e5
22. Bg3 Raf8 23. e4 h5 24. Bh4 Qg6 25. Bd3 Nc5 26. Qe2 Rf4 27. Rfe1 Bc8 28. Bg3
R4f7 29. Bc2 Qf6 30. Rd2 h4 31. Bh2 Qg6 32. Kh1 g3 33. Bg1 Bg4 34. f3 Rxf3 35.
Bd1 R3f4 36. Qe3 Rxe4 0-1

[Event "2. CLANSKA LIGA ZAHOD 2014"]
[Site "Ljubljana"]
[Date "2014.10.19"]
[Round "5.5"]
[White "Pajnhart, Tadej"]
[Black "Jese, Janez"]
[Result "1/2-1/2"]
[WhiteElo "1734"]
[BlackElo "1846"]
[PlyCount "167"]
[EventDate "2014.10.19"]
[WhiteTeam "SD KC LJUBLJANA"]
[BlackTeam "SK VISNJA GORA - STICNA"]

1. e4 e5 2. Nf3 Nc6 3. Bc4 Nf6 4. d3 h6 5. Nc3 Bc5 6. O-O d6 7. h3 Be6 8. Bxe6
fxe6 9. Nh2 O-O 10. Ng4 Kh7 11. Na4 Bb6 12. Nxb6 axb6 13. c3 Nxg4 14. Qxg4 Qf6
15. h4 Rf7 16. h5 Rg8 17. f4 g5 18. f5 Ne7 19. Bd2 exf5 20. exf5 Rgf8 21. c4
Kh8 22. Qe4 Qg7 23. g4 Nc6 24. Bc3 Kg8 25. b4 Rd7 26. b5 Nd8 27. Rad1 Qf7 28.
f6 Ne6 29. d4 exd4 30. Bxd4 Nf4 31. Bb2 Re8 32. Qf5 Re2 33. Rxf4 gxf4 34. Bd4
Qh7 35. Qg6+ Kf8 36. Kf1 Re4 37. Kf2 Rf7 38. Kf3 Re6 39. Kxf4 Qxg6 40. hxg6
Rfxf6+ 41. Bxf6 Rxf6+ 42. Ke4 Rxg6 43. Kf4 Rg5 44. a4 Rc5 45. Rd4 Kf7 46. Re4
Kf6 47. Rd4 Re5 48. Rd5 Re1 49. a5 bxa5 50. b6 cxb6 51. Rxd6+ Re6 52. Rd7 Rc6
53. Rxb7 Rxc4+ 54. Kf3 Rb4 55. Ke3 Kg5 56. Rg7+ Kh4 57. Rg6 Kg3 58. Rxh6 Kxg4
59. Kd3 Kf5 60. Rd6 Ke5 61. Rh6 Kd5 62. Kc3 Kc5 63. Rh5+ Kc6 64. Rg5 Rb1 65.
Kc2 Rb5 66. Rg6+ Kc5 67. Rg5+ Kb4 68. Rg4+ Ka3 69. Rg3+ Ka2 70. Rg6 Rc5+ 71.
Kd3 Ka3 72. Rxb6 a4 73. Kd2 Ka2 74. Rb7 a3 75. Rb6 Ka1 76. Rb7 a2 77. Rb6 Rh5
78. Kc2 Rh2+ 79. Kc1 Rh1+ 80. Kc2 Rb1 81. Rg6 Rh1 82. Rb6 Rh7 83. Rb8 Rc7+ 84.
Kd2 1/2-1/2

[Event "2. CLANSKA LIGA ZAHOD 2014"]
[Site "Ljubljana"]
[Date "2014.10.19"]
[Round "5.6"]
[White "Grabljevec, Stane"]
[Black "Hribar, Andrej"]
[Result "1-0"]
[WhiteElo "1807"]
[BlackElo "1690"]
[PlyCount "49"]
[EventDate "2014.10.19"]
[WhiteTeam "SK VISNJA GORA - STICNA"]
[BlackTeam "SD KC LJUBLJANA"]

1. e4 c5 2. Nf3 Nc6 3. d4 cxd4 4. Nxd4 a6 5. Nc3 d6 6. Be3 Nf6 7. Be2 e6 8. f4
Be7 9. Qd2 O-O 10. O-O-O Qc7 11. g4 Nxd4 12. Bxd4 e5 13. Be3 b5 14. Bf3 Nxg4
15. Nd5 Qb7 16. f5 Nxe3 17. Qxe3 f6 18. h4 Bd8 19. Rhg1 Kh8 20. h5 h6 21. Rg6
Kh7 22. Rdg1 Rf7 23. Bh1 Qd7 24. Qg3 Qe8 25. Rxg7+ 1-0